L'Espiral : exercici d'autofàgia / Joan Cavallé i Busquets ; pròleg de Joan Argenté exercici d'autofàgia / Joan Cavallé i Busquets ; pròleg de Joan Argenté
Descripción Física:
63 p. ; 18 cm
Colección:
Biblioteca teatral ; 74
Otros Autores:
Argenté, Joan
MARC
| LEADER | 00000nam a2200000Ia 4500 | ||
|---|---|---|---|
| 001 | 9139 | ||
| 008 | 160829s1990 xx 000 0 cat d | ||
| 080 | |a L-1-259 | ||
| 100 | |a Cavallé i Busquets, Joan |9 26179 | ||
| 245 | |a L'Espiral : |b exercici d'autofàgia / Joan Cavallé i Busquets ; pròleg de Joan Argenté | ||
| 260 | |a Barcelona : |b Institut del Teatre de la Diputació de Barcelona, |c 1990 | ||
| 300 | |a 63 p. ; |c 18 cm | ||
| 490 | |a Biblioteca teatral ; 74 | ||
| 700 | 1 | |a Argenté, Joan |9 26180 | |
| 710 | 1 | |a Institut del Teatre (Barcelona, Catalunya) |9 52662 | |
| 901 | |a Arxiu | ||
| 942 | |n 1 | ||
| 952 | |0 0 |1 0 |4 0 |6 L1259 |7 1 |9 43912 |a Arxiu |b Arxiu |d 2016-12-01 |l 0 |o L-1-259 |p 9139 |r 2016-12-01 00:00:00 |w 2016-12-01 |y ARXIU | ||
| 999 | |c 46492 |d 46492 | ||